000 01092nam a22002537a 4500
005 20240530110455.0
008 150601s2011 jo ad g b 000 0 ara d
017 _a2010/9/3382
_bالمملكة الاردنية الهاشمية . المكتبة الوطنية
040 _aEG-CaGPL
082 0 4 _221
_a372.86\
_bأ ت
100 0 _aاكرم خطايبة
245 1 2 _aالتربية الرياضية للاطفال و الناشئة /
_cاكرم خطايبة
260 _aعمان ( الاردن ) :
_bدار اليازورى العلمية للنشر و التوزيع ،
_c2011 .
300 _a181 ص :
_bجداول ؛
_c24 سم .
504 _aيشتمل على ارجاعات ببليوجرافية
650 0 4 _aالاطفال
_xالنمو
650 0 4 _aالرياضة البدنية
650 0 4 _aالالعاب الرياضية
650 0 4 _aالتربية البدنية
650 0 4 _aالرياضة البدنية
_xجروح و اصابات
650 0 4 _aالرياضة البدنية للاطفال
942 _2ddc
_cBK
999 _c61350
_d61350